Two-Word U.S. States - Statistics

General Stats
  • This quiz has been taken 378 times
  • The average score is 10 of 10
Answer Stats
State % Correct
New York
99%
North Carolina
98%
North Dakota
98%
South Dakota
98%
South Carolina
97%
New Hampshire
95%
New Mexico
95%
New Jersey
94%
West Virginia
93%
Rhode Island
85%
No matching quizzes found
Score Distribution
Percent of People with Each Score
Percentile by Number Answered
Your Score History
You have not taken this quiz